Manual of steel construction

Gorde:
Xehetasun bibliografikoak
Formatua: Liburua
Hizkuntza:ingelesa
Argitaratua: Chicago American Institute of Steel Construction 1995
Edizioa:9a. ed
Gaiak:
Etiketak: Etiketa erantsi
Etiketarik gabe, Izan zaitez lehena erregistro honi etiketa jartzen!

MARC

LEADER 00000nam a2200000 a 4500
001 UCN1086
003 CL-VaPUC
008 010420e19950000US |||||||||||||||||eng|d
082 0 4 |a 624.182  |b MAN  |2 21 
245 1 0 |a Manual of steel construction 
250 |a 9a. ed 
300 |a v 
942 |c BK 
945 |d 20010420 00:00:00  |a cmena 
260 |a Chicago  |b American Institute of Steel Construction  |c 1995 
500 |a V.1: allowable stress design 
650 7 |a DISEÑO ESTRUCTURAL DE METALES  |2 CL-VaPUC  |9 456478 
650 0 |a Normalización  |9 262666 
650 7 |a NORMAS AISC  |2 CL-VaPUC  |9 456479 
650 7 |a TUBERIAS METALICAS  |2 CL-VaPUC  |9 456480 
650 0 |a Propiedades mecánicas   |9 262507 
650 0 |a Resistencia de materiales  |9 260095 
583 |a last modification  |c 20010420 00:00:00  |k Rodrigo Vera 
999 |c 294671  |d 294669 
952 |0 0  |1 0  |4 0  |6 624_182000000000000_MAN_1995  |7 0  |8 F  |9 347323  |a BIBING  |b BIBING  |d 2019-11-20  |h v.1  |i 3710300  |o 624.182 MAN 1995  |p 3710300  |r 2025-01-20  |w 2019-11-20  |y BK_F  |k CCL 
952 |0 0  |1 0  |4 0  |6 624_182000000000000_MAN_1995  |7 0  |8 F  |9 347324  |a BIBING  |b BIBING  |d 2019-11-20  |h v.1  |i 3710262  |o 624.182 MAN 1995  |p 3710262  |r 2025-01-20  |w 2019-11-20  |y BK_F  |k CCL